Apprendre Italien jours/mois - Statistiques

Statistiques générales
  • Ce quiz a été pris 97 fois
  • Le résultat moyen est 11 sur 19
Statistiques - réponses
Français Italien / Italiano % Correct
Lundi Lunedì
97%
Mardi Martedì
84%
Mercredi Mercoledì
77%
Vendredi Venerdì
74%
Jeudi Giovedì
72%
Samedi Sabato
70%
Dimanche Domenica
69%
Novembre Novembre
56%
Mars Marzo
52%
Octobre Ottobre
52%
Septembre Settembre
52%
Avril Aprile
51%
Août Agosto
48%
Décembre Dicembre
46%
Mai Maggio
46%
Février Febbraio
44%
Janvier Gennaio
43%
Juillet Luglio
34%
Juin Giugno
28%
Aucun quiz correspondant
Distribution des résultats
% des personnes avec chaque résultat
Percentile par nombre de réponses
Votre historique - résultats
Vous n’avez pas pris ce quiz